Eléments de chimie générale (Record no. 44520)
[ view plain ]
| 000 -LEADER | |
|---|---|
| fixed length control field | 00541 a2200229 4500 |
| 037 ## - SOURCE OF ACQUISITION | |
| Stock number | S4968 |
| 100 ## - VEDETTE PRINCIPALE - NOM DE PERSONNE | |
| Language of a work | Fr |
| 100 ## - VEDETTE PRINCIPALE - NOM DE PERSONNE | |
| Personal name | Suard, michèle |
| 260 ## - PUBLICATION, DISTRIBUTION, ETC. (IMPRINT) | |
| Name of publisher, distributor, etc | Flammarion |
| 245 ## - TITLE STATEMENT | |
| Title | Eléments de chimie générale |
| 260 ## - PUBLICATION, DISTRIBUTION, ETC. (IMPRINT) | |
| Place of publication, distribution, etc | Paris |
| 260 ## - PUBLICATION, DISTRIBUTION, ETC. (IMPRINT) | |
| Date of publication, distribution, etc | 1971 |
| 300 ## - PHYSICAL DESCRIPTION | |
| Extent | 286p |
| 300 ## - PHYSICAL DESCRIPTION | |
| Other physical details | 24cm |
| 650 ## - SUBJECT ADDED ENTRY--TOPICAL TERM | |
| Topical term or geographic name as entry element | Chimie générale: éléments |
| 630 ## - SUBJECT ADDED ENTRY--UNIFORM TITLE | |
| Uniform title | 54 - Chimie. Sciences minéralogiques. cristallographie |
| 650 ## - SUBJECT ADDED ENTRY--TOPICAL TERM | |
| Topical term or geographic name as entry element | 5 - sciences pures |
| 700 ## - ADDED ENTRY--PERSONAL NAME | |
| Personal name | Praud, Brigitte |
| 700 ## - ADDED ENTRY--PERSONAL NAME | |
| Personal name | Praud, Lionel |
| Withdrawn status | Lost status | Damaged status | Not for loan | Location (home branch) | Sublocation or collection (holding branch) | Date acquired | Koha issues (times borrowed) | Koha full call number | Koha date last seen | Price effective from | Koha item type |
|---|---|---|---|---|---|---|---|---|---|---|---|
| Bibliothèque Universitaire Centrale | Bibliothèque Universitaire Centrale | 28/02/2009 | 54 SUA | 28/02/2009 | 28/02/2009 | Livre |